Az olimpiai játékokról gyerekeknek

Bibliographic Details
Main Author: Kubány, Éva (Author)
Other Authors: Krejčová, Zdeňka, 1944- (Illustrator)
Format: Book
Language:Hungarian
PhysicalDescription:83 s. fareb. fotogr., ilustr. 31 cm
Published: Pozsony Kalligram 1998
ISBN:8071491993
Subjects:

MARC

LEADER 00000nam a2200000 a 4500
001 vtls001356837
003 SK-MaSNL
005 20260318115204.0
008 240314s1998 xo a r 0 hun
015 |a SNBA1999/06-02025 
020 |a 8071491993 
035 |a SNK000310325 
035 |a urn:nbn:sk:snk-amlrbn 
035 |a urn:nbn:sk:snk-am00cbhm 
035 |a 99677E4C-0380-4996-A1D7-33BDEE9DE721 
040 |a SNK  |b slo  |c SNK  |e AACR2 
041 0 |a hun 
044 |a xo  |c SK 
080 |a 796.092(100)(091)(087.5)=945.11  |2 1981 
100 1 |a Kubány, Éva  |4 aut  |9 459213 
245 1 3 |a Az olimpiai játékokról gyerekeknek  |c Kubány va ; illusztrálta Zdenka Krejčová 
260 |a Pozsony  |b Kalligram  |c 1998 
300 |a 83 s.  |b fareb. fotogr., ilustr.  |c 31 cm 
500 |a Tir. aj slov. Ilustr. na tit. strane a predsádkach. Fotogr. na front. 
500 |a Aut. fotogr.: kolektív 
650 0 7 |a hry olympijské  |x dejiny  |x výklady populárno-náučné  |2 SNK  |9 459214 
655 7 |a príručky  |2 SNK  |9 74364 
700 1 |a Krejčová, Zdeňka,  |d 1944-  |4 ill  |9 1635022 
752 |d Bratislava 
919 |a 80-7149-199-3 
958 |a TL 
958 |a HU 
958 |a OND 
999 |c 720427  |d 722357 
952 |t P60, <04>, [BOOK], {604}  |a SNK  |b SNK  |y VYP  |7 0  |p 17A0183633  |o snkSB 59928 D1  |i snkKSP 2369/99  |0 0  |1 0  |4 0  |d 1999-03-09  |l 0  |r 2005-01-02 00:00:00  |w 2026-02-23 
952 |t P60, <03>, [BOOK], {603}  |a SNK  |b SNK  |y PREZ  |7 0  |p 17A0183632  |o snkSB 59928  |i snkKSP 2368/99  |0 0  |1 0  |4 0  |d 1999-03-09  |f 1  |l 0  |r 2025-04-09 00:00:00  |w 2026-02-23